शेक्सपियर की अमर रचनाएँ / (Record no. 16153)
[ view plain ]
| 000 -LEADER | |
|---|---|
| fixed length control field | 01776nam a22002777a 4500 |
| 005 - DATE AND TIME OF LATEST TRANSACTION | |
| control field | 20081003095653.0 |
| 008 - FIXED-LENGTH DATA ELEMENTS--GENERAL INFORMATION | |
| fixed length control field | 081003t xxu||||| |||| 00| j hin d |
| 010 ## - LCCN (DPL NO) | |
| LC control number | HIN-84261 |
| 020 ## - INTERNATIONAL STANDARD BOOK NUMBER | |
| Terms of availability | 250.00 |
| International Standard Book Number | 808806906x |
| 035 ## - SYSTEM CONTROL NUMBER | |
| System control number | HN-56607 |
| 037 ## - SOURCE OF ACQUISITION | |
| Source of stock number/acquisition | DBAD / PUB |
| 040 ## - CATALOGING SOURCE | |
| Original cataloging agency | DPL |
| Language of cataloging | HN |
| 082 ## - DEWEY DECIMAL CLASSIFICATION NUMBER | |
| Classification number | 883.08 |
| 100 ## - MAIN ENTRY--PERSONAL NAME | |
| Personal name | शेक्सपियर, विलियम |
| 245 ## - TITLE STATEMENT | |
| Title | शेक्सपियर की अमर रचनाएँ / |
| Statement of responsibility, etc | विलियन शेक्सपियर; एस.पी. परमहंस द्वारा अनुदित एवं संपादित |
| 246 ## - VARYING FORM OF TITLE | |
| Title proper/short title | William Shekespear kii amara rachanaaen |
| Remainder of title | by William Shekespear; translated and edited by S. P. Paramhans |
| 260 ## - PUBLICATION, DISTRIBUTION, ETC. (IMPRINT) | |
| Place of publication, distribution, etc | दिल्ली |
| Name of publisher, distributor, etc | स्वराज्य मंदिर प्रकाशन |
| Date of publication, distribution, etc | 2007 |
| 270 ## - ADDRESS | |
| Address | ब्लॉक सी-8, हाउस नं.174, यमुना विहार |
| City | दिल्ली |
| Postal code | 110033 |
| 300 ## - PHYSICAL DESCRIPTION | |
| Extent | 224पृ |
| Dimensions | 22सेमी (सजिल्द) |
| Other physical details | सचित्र |
| 500 ## - GENERAL NOTE | |
| General note | विश्व के महान नाटककार शेक्सपियर के नाटकों का कहानियों में सरल एवं रोचक रूपांतरण |
| 650 ## - SUBJECT ADDED ENTRY--TOPICAL TERM | |
| Topical term or geographic name as entry element | अंग्रेजी कथा साहित्य |
| General subdivision | हिन्दी में अनुवाद |
| 650 ## - SUBJECT ADDED ENTRY--TOPICAL TERM | |
| Topical term or geographic name as entry element | English fiction |
| General subdivision | Translations into Hindi |
| 700 ## - ADDED ENTRY--PERSONAL NAME | |
| Personal name | परमहंस, एस.पी. |
| 942 ## - ADDED ENTRY ELEMENTS (KOHA) | |
| Source of classification or shelving scheme | Dewey Decimal Classification |
| Item type | Hindi Books |
| Call number suffix | शेक्सपि |
| Classification part | 883.08 |
| Withdrawn status | Lost status | Source of classification or shelving scheme | Damaged status | Not for loan | Collection code | Home library | Current library | Date acquired | Source of acquisition | Cost, normal purchase price | Total Checkouts | Full call number | Barcode | Date last seen | Copy number | Cost, replacement price | Koha item type |
|---|---|---|---|---|---|---|---|---|---|---|---|---|---|---|---|---|---|
| Dewey Decimal Classification | Not For Loan | Fiction | D.B.Act.Division | D.B.Act.Division | 03/10/2008 | DBAD / PUB | 250.00 | 883.08 शेक्सपि | HN-56607 | 03/10/2008 | 1 | 250.00 | Hindi Books |
